Loading...
| History - American | 0 | 4 | 0 | 0 | 40 | 86 | 100.00 | 2 | 2 | 0.00 | 0.00 |
| History - Other | 0 | 2 | 0 | 0 | 20 | 122 | 128.00 | 0 | 0 | 0.00 | 0.00 |
| History - World | 0 | 3 | 2 | 3 | 20 | 128 | 130.00 | 0 | 0 | 0.00 | 0.00 |
| Literature - American | 0 | 2 | 0 | 1 | 20 | 135 | 138.50 | 0 | 0 | 0.00 | 0.00 |
| Literature - British | 0 | 2 | 0 | 1 | 20 | 139 | 141.50 | 0 | 1 | 0.00 | 0.00 |
| History - European | 0 | 2 | 0 | 0 | 20 | 104 | 105.00 | 0 | 1 | 0.00 | 0.00 |
| Fine Arts - Classical Music | 0 | 1 | 0 | 1 | 10 | 127 | 127.00 | 0 | 1 | 0.00 | 0.00 |
| Fine Arts - Painting and Sculpture | 0 | 1 | 0 | 1 | 10 | 145 | 145.00 | 0 | 0 | 0.00 | 0.00 |
| Geography | 0 | 1 | 0 | 0 | 10 | 107 | 107.00 | 0 | 0 | 0.00 | 0.00 |
| Literature - World | 0 | 1 | 0 | 1 | 10 | 126 | 126.00 | 0 | 1 | 0.00 | 0.00 |
| Pop Culture | 0 | 1 | 0 | 0 | 10 | 33 | 33.00 | 0 | 0 | 0.00 | 0.00 |
| Religion | 0 | 1 | 0 | 1 | 10 | 146 | 146.00 | 0 | 1 | 0.00 | 0.00 |
| Science - Physics | 0 | 1 | 0 | 1 | 10 | 122 | 122.00 | 0 | 0 | 0.00 | 0.00 |
| Social Science | 0 | 0 | 0 | 0 | 0 | 0.00 | 0 | 0 | 0.00 | 0.00 | |
| Fine Arts - Other | 0 | 0 | 0 | 0 | 0 | 0.00 | 0 | 0 | 0.00 | 0.00 | |
| Science - Chemistry | 0 | 0 | 0 | 0 | 0 | 0.00 | 0 | 0 | 0.00 | 0.00 | |
| Mythology | 0 | 0 | 0 | 0 | 0 | 0.00 | 0 | 0 | 0.00 | 0.00 | |
| Science - Other | 0 | 0 | 1 | 0 | -5 | 0.00 | 0 | 0 | 0.00 | 0.00 | |
| Literature - European | 0 | 0 | 1 | 0 | -5 | 0.00 | 0 | 0 | 0.00 | 0.00 |